000 00459nam a2200181Ia 4500
001 9181
003 GE_BSU
008 181216s||||||||xx |||||||||||||| ||und||
040 _cGE_BSU
245 _aSQL Server. №2 (158). Февраль.2013.
245 _bЖурнал для профессионалов.
260 _aМосква
260 _bинфопресс
260 _c2013
300 _a23стр.29см.
653 _aSQL Server
942 _cCR
999 _c42485
_d42485